| 000 | 00475nam a22001697a 4500 | ||
|---|---|---|---|
| 003 | OSt | ||
| 005 | 20221103190235.0 | ||
| 008 | 150522b xxu||||| |||| 00| 0 eng d | ||
| 020 | _a3-933096-86-3 | ||
| 040 | _cBiblioteca Lado V | ||
| 082 |
_a708 _bG869e |
||
| 100 |
_9309 _aGrisebach, Lucius _ecuradora |
||
| 245 |
_aEinfach Kunst/ _bSammlung Rolf Ricke/ |
||
| 260 |
_c2002 _bNeues Museum |
||
| 300 |
_a207p. _c22x27cm |
||
| 942 |
_2ddc _c1 _h708 _iG869e _n0 |
||
| 999 |
_c2500 _d2500 |
||